| 000 | 01078nam a22002537a 4500 | ||
|---|---|---|---|
| 003 | OSt | ||
| 005 | 20260415154047.0 | ||
| 008 | 260212b |||||||| |||| 00| 0 eng d | ||
| 040 | _c0 | ||
| 082 | _aDPer 796.07 J826 January-October 2023 v. 42 n. 1-4 | ||
| 100 |
_aKatewongsa, Piyawat. _eauthor. _969678 |
||
| 245 |
_aEffectiveness of a Whole-of-School Approach in Promoting Physical Activity for Children / _cPiyawat Katewongsa, Panya Choolers, Pairoj Saonuam, and Dyah Anantalia Widyastari |
||
| 260 |
_aUS _bHuman Kinetics, Inc. _cApril 2023 |
||
| 300 |
_aVolume 42, pages 225-234 : _billustration ; _c29 cm. |
||
| 500 | _aJournal of Teaching in Physical Education, vol. 42 no. 2, pages 225-234, January-October 2023. | ||
| 650 | 0 |
_aElementary school students. _964906 |
|
| 650 | 0 |
_aForeign countries. _967089 |
|
| 650 | 0 |
_aHealth behavior. _93157 |
|
| 700 |
_aKatewongsa, Piyawat. _eauthor. _969678 |
||
| 700 |
_aChoolers, Panya. _eauthor. _969679 |
||
| 700 |
_aSaonuam, Panya. _eauthor. _969680 |
||
| 700 |
_aWidyastari, Dyah Anantalia. _eauthor. _969681 |
||
| 942 |
_2ddc _cPER |
||
| 999 |
_c24307 _d24307 |
||